Estadísticas para Banderas difíciles.

Haz click aquí para intentar la prueba.

Estadísticas generales

  • Esta prueba ha sido intentada 202 veces
  • La puntuación promedio es 10 de 12

Estadísticas de respuestas

Respuesta% Correcto
Bahamas
93%
Belice
92%
Granada
92%
Brunei
90%
Seychelles
90%
Republica Centroafricana
86%
Gabón
85%
San Vicente
84%
Vanuatu
83%
Islas Salomon
80%
Santo Tome
80%
Yibuti
80%

Distribución de puntuación

Porcentaje por número respondido

Porcentaje de gente con cada puntuación

Historial de tus puntuaciones

No has intentado esta prueba.